000 00744nam a22002057a 4500
005 20100805115747.0
010 _aENG-98274
020 _a9789380060545
_c250.00
035 _aEN-81807
037 _bDBAD/PUB
082 _a547
100 _aSaravanan, S. P.
_96606
245 _aSelected spectral topics in organic chemistry :
_bfor under graduate and post graduate chemistry students of all Indian universities /
_cby S. P. Saravanan
260 _aSalem
_bM.S.K. Publications
_c2009
270 _aSalem
_bSalem
300 _a94p.
_c23cm (pbk)
650 _aChemistry, Organic
_96607
942 _2ddc
_cEN
_h547
_mSAR
999 _c39384
_d39384